000 00436nam a2200181Ia 4500
001 25097
005 20260414151127.0
008 260414t2013||||xx |||||||||||||| ||spa||
041 _aESP
082 _a346.2
_bF42
100 _aFernández Revoredo, Marisol
_eAUT
245 0 _aManual de derecho de familia
_b
260 _c2013
300 _a300 páginas :
_c20 cm.
650 _aDER
654 _aCDE
942 _cLIB
_dJUS
_fJUS
_2ddc
_n
999 _c25097
_d25097